00402nam a2200121Ia 45000010005000000080041000050820022000461000099000682450046001672600024002139010028002379990015002653483241024s9999 xx 000 0 und d aRD/352/R426r/2000 aRepública Dominicana. Secretaría de Estado de Educación. Consejo Nacional de educación 0aReglamento de las juntas descentralizadas bSanto Domingoc2000 a25/11/2013 3:38:26 p.m. c9423d9423